F1 Team Radio Quiz - Statistics

General Stats
  • This quiz has been taken 81 times
  • The average score is 6 of 15
Answer Stats
Hint Answer % Correct
"Is anyone else reporting rain? I think it's sweat from the inside of my helmet." George Russell
72%
"Magnussen is and will always be stupid" Charles Leclerc
69%
"You will not have the drink" Kimi Raikkonen
65%
"I'm going to pee in your seat, Fernando!" Jenson Button
60%
"Brad, I wanna hear you say it mate. That's pole position. I wanna hear you say it!...LET'S GOOO" Lance Stroll
59%
"Now it's f*****g paradise, like traffic paradise! What is this one?!" Yuki Tsunoda
43%
"What's the prize? 1 million jellybeans? Sebastian Vettel
38%
"__*driver*__ the car is bad, we know. Please drive it." (said by a team principal) Toto Wolff
37%
"No power! No power!.........Haha I was joking!" Sergio Perez
35%
"This guy is such a sore loser!" --> talking about Lewis Hamilton Alex Albon
32%
"I'm glad I went to the toilet. The one I went to, someone had dropped a crazy bomb in there. The worst thing ever...It's going to haunt me for life." Lewis Hamilton
31%
"__*driver*__, that was some f*****g Viking comeback! F*****g great, I cannot believe it" (said by a team principal) Guenther Steiner
26%
"If you can get a couple of sausages for me on the barbecue... Is the race still going to last two hours?" Pierre Gasly
24%
"I tried. I need new pants after that!" Zhou Guanyu
21%
“He was probably on the radio, knowing him." --> talking about Yuki Tsunoda Nico Hulkenberg
7%
No matching quizzes found
Score Distribution
Percent of People with Each Score
Percentile by Number Answered
Your Score History
You have not taken this quiz